[Event "DEM U12/U12w 2010"]
[Site "Oberhof GER"]
[Date "2010.05.26"]
[Round "6"]
[White "Engert, Marvin"]
[Black "Bykov, Ilya"]
[Result "1-0"]
[Termination "normal"]
[Board "24"]
[WhiteElo "1612"]
[BlackElo "1477"]
[PlyCount "127"]
[WhiteFideId "12901164"]
[BlackFideId "12918059"]
[EventCountry "GER"]
[EventRounds "11"]
[EventType "swiss"]
[EventDate "2010.05.22"]

1. e4 c5 2. Nc3 Nc6 3. f4 g6 4. Nf3 Bg7 5. d3 d6 6. g3 e6 7. Bg2 Nge7 8. O-O
O-O 9. Be3 Nd4 10. Rb1 a5 11. Ne2 Nxe2+ 12. Qxe2 Qc7 13. c3 b5 14. d4 c4 15. g4
f5 16. gxf5 exf5 17. e5 d5 18. Qe1 h6 19. h4 Be6 20. Bh3 Kh8 21. Qg3 Bf7 22.
Kf2 Rg8 23. Rh1 b4 24. Bd2 bxc3 25. Bxc3 a4 26. a3 Qb6 27. Nd2 Nc6 28. Bg2 Bf8
29. Ke3 Na7 30. Nxc4 Qa6 31. Nd2 Nb5 32. Bf1 Qb6 33. Bxb5 Qxb5 34. Rbg1 Rc8 35.
Kf2 Rc6 36. Qh3 Qb6 37. h5 Qc7 38. hxg6 Bxg6 39. Rg3 Qf7 40. Rhg1 Bh7 41. Rxg8+
Bxg8 42. Nf3 Bh7 43. Ne1 Rg6 44. Rxg6 Qxg6 45. Qg2 Qxg2+ 46. Kxg2 Bg8 47. Nc2
Bf7 48. Bb4 Bg7 49. Be7 Kh7 50. Na1 Bh5 51. b4 axb3 52. Nxb3 Kg8 53. Nc5 Kf7
54. Bd6 Ke8 55. a4 Be2 56. a5 Bb5 57. a6 Bc6 58. a7 Bf8 59. Bxf8 Kxf8 60. Ne6+
Ke7 61. Nc7 Kd7 62. a8=Q Bxa8 63. Nxa8 Kc6 64. Kh3 1-0

[Event "DEM U12/U12w 2010"]
[Site "Oberhof GER"]
[Date "2010.05.26"]
[Round "6"]
[White "Bilchinski, Anton"]
[Black "Berkov, Mikhail"]
[Result "1/2-1/2"]
[Termination "normal"]
[Board "25"]
[WhiteElo "1727"]
[BlackElo "1840"]
[PlyCount "97"]
[WhiteFideId "24615765"]
[BlackFideId "24678783"]
[EventCountry "GER"]
[EventRounds "11"]
[EventType "swiss"]
[EventDate "2010.05.22"]

1. c4 Nf6 2. Nc3 g6 3. g3 d5 4. cxd5 Nxd5 5. Bg2 Nxc3 6. bxc3 Bg7 7. Nf3 O-O 8.
O-O c6 9. Qc2 Be6 10. Bb2 Nd7 11. Nd4 Bc4 12. d3 Ba6 13. Nb3 Qc7 14. c4 b6 15.
Bxg7 Kxg7 16. c5 Bb7 17. Rfc1 b5 18. a4 a6 19. axb5 axb5 20. Na5 Kg8 21. Nxb7
Qxb7 22. d4 Nf6 23. Rab1 Qd7 24. e3 Nd5 25. Qb3 e6 26. Rd1 Rfd8 27. e4 Nc7 28.
Rd3 Ra4 29. Rbd1 Rda8 30. d5 exd5 31. exd5 cxd5 32. Bxd5 Nxd5 33. Rxd5 Qe8 34.
Qc3 Ra3 35. Qf6 R3a6 36. Rd6 Rxd6 37. Qxd6 Qe6 38. Qxe6 fxe6 39. Rb1 Rb8 40.
Kf1 b4 41. Ke2 Rc8 42. Rxb4 Rxc5 43. Re4 Kf7 44. Kf3 Rf5+ 45. Rf4 Rxf4+ 46.
Kxf4 Kf6 47. Ke4 h5 48. f4 g5 49. fxg5+ 1/2-1/2

[Event "DEM U12/U12w 2010"]
[Site "Oberhof GER"]
[Date "2010.05.26"]
[Round "6"]
[White "Kempe, Anne"]
[Black "Brandl, Lea"]
[Result "1/2-1/2"]
[Termination "normal"]
[Board "26"]
[WhiteElo "1369"]
[BlackElo "1529"]
[PlyCount "28"]
[WhiteFideId "12918083"]
[BlackFideId "24693049"]
[EventCountry "GER"]
[EventRounds "11"]
[EventType "swiss"]
[EventDate "2010.05.22"]

1. e4 c5 2. Nf3 d6 3. d4 cxd4 4. Nxd4 Nf6 5. Nc3 a6 6. Bg5 e6 7. f4 Be7 8. Qf3
Nbd7 9. Be2 O-O 10. O-O-O Qc7 11. Qg3 Qd8 12. Rhe1 b5 13. Bf3 e5 14. Nf5 Nb6
1/2-1/2

[Event "DEM U12/U12w 2010"]
[Site "Oberhof GER"]
[Date "2010.05.26"]
[Round "6"]
[White "Koch, Elisabeth"]
[Black "Scheinhütte, Jakob"]
[Result "1/2-1/2"]
[Termination "normal"]
[Board "27"]
[WhiteElo "1370"]
[BlackElo "1582"]
[PlyCount "59"]
[WhiteFideId "24695068"]
[BlackFideId "24693944"]
[EventCountry "GER"]
[EventRounds "11"]
[EventType "swiss"]
[EventDate "2010.05.22"]

1. e4 e6 2. d4 d5 3. Nd2 Nf6 4. e5 Nfd7 5. f4 c5 6. c3 Nc6 7. Ndf3 Qb6 8. g3
Be7 9. Ne2 f6 10. Bh3 f5 11. O-O Qc7 12. g4 g6 13. Kh1 Nb6 14. Rg1 fxg4 15.
Bxg4 Bd7 16. a4 Nc4 17. b3 Nb6 18. a5 Nc8 19. a6 b5 20. Ng5 Bxg5 21. fxg5 N8e7
22. Nf4 Nd8 23. Qf3 Nf5 24. Bb2 Rf8 25. Raf1 Bc6 26. Ba3 b4 27. cxb4 Nxd4 28.
Qd1 Nf5 29. Bxf5 Rxf5 30. h4 1/2-1/2

[Event "DEM U12/U12w 2010"]
[Site "Oberhof GER"]
[Date "2010.05.26"]
[Round "6"]
[White "Greif, Gavin"]
[Black "Knorre, Jonas"]
[Result "0-1"]
[Termination "normal"]
[Board "28"]
[WhiteElo "1678"]
[BlackElo "1733"]
[PlyCount "146"]
[WhiteFideId "24662429"]
[BlackFideId "24696900"]
[EventCountry "GER"]
[EventRounds "11"]
[EventType "swiss"]
[EventDate "2010.05.22"]

1. e4 c5 2. c3 Nf6 3. e5 Nd5 4. d4 cxd4 5. Nf3 e6 6. cxd4 b6 7. a3 Bb7 8. Be2
Qc7 9. O-O d6 10. b4 Nd7 11. Bb2 dxe5 12. dxe5 Nf4 13. Bb5 Rd8 14. Nbd2 a6 15.
Rc1 Qb8 16. Bc6 Nd3 17. Bxd7+ Rxd7 18. Rc2 Nxb2 19. Rxb2 Be7 20. Qe2 O-O 21.
Qe3 b5 22. Rb3 Rfd8 23. Ne4 Bd5 24. Rc3 Bc4 25. Re1 Rd3 26. Qc1 Rxc3 27. Nxc3
Rd3 28. Qc2 Qd8 29. h3 a5 30. Rb1 axb4 31. axb4 Rxf3 32. gxf3 Bd3 33. Qb2 Bxb1
34. Qxb1 Qd4 35. Nxb5 Qxb4 36. Qxb4 Bxb4 37. Kg2 Kf8 38. Nd4 Bc3 39. Nc6 Ke8
40. f4 Kd7 41. Nb8+ Kc7 42. Na6+ Kb6 43. Nb8 Bb4 44. Kf3 Kb7 45. Nd7 Kc7 46.
Nb8 Kxb8 47. Ke4 Kc7 48. f5 Kd7 49. f4 exf5+ 50. Kxf5 Ke7 51. Kg5 h6+ 52. Kg4
Ke6 53. h4 Bc3 54. h5 Bxe5 55. fxe5 Kxe5 56. Kh4 f5 57. Kg3 Ke4 58. Kh4 f4 59.
Kg4 f3 60. Kg3 Ke3 61. Kg4 f2 62. Kf5 f1=Q+ 63. Kg6 Qf6+ 64. Kh7 Kf4 65. Kg8 g5
66. hxg6 Qxg6+ 67. Kh8 Qf6+ 68. Kh7 h5 69. Kg8 h4 70. Kh7 h3 71. Kg8 h2 72. Kh7
h1=R+ 73. Kg8 Rh8# 0-1

[Event "DEM U12/U12w 2010"]
[Site "Oberhof GER"]
[Date "2010.05.26"]
[Round "6"]
[White "Böhme, Mathis"]
[Black "Altstadt, Karl-Simon"]
[Result "0-1"]
[Termination "normal"]
[Board "29"]
[WhiteElo "1080"]
[BlackElo "1401"]
[PlyCount "50"]
[WhiteFideId "12900443"]
[BlackFideId "24696676"]
[EventCountry "GER"]
[EventRounds "11"]
[EventType "swiss"]
[EventDate "2010.05.22"]

1. e4 c5 2. c3 Nf6 3. e5 Nd5 4. d4 cxd4 5. Nf3 e6 6. cxd4 d6 7. Bd3 Be7 8. Bc2
Nc6 9. a3 O-O 10. Qd3 f5 11. exf6 Nxf6 12. Bg5 g6 13. Nh4 Qa5+ 14. Bd2 Qh5 15.
Qg3 Ne4 16. Bxe4 Bxh4 17. Qe3 Bxf2+ 18. Qxf2 Rxf2 19. Kxf2 Nxd4 20. Nc3 d5 21.
Bd3 Bd7 22. Be3 Rf8+ 23. Ke1 Qe5 24. Nd1 Ba4 25. Kd2 Nb3+ 0-1

[Event "DEM U12/U12w 2010"]
[Site "Oberhof GER"]
[Date "2010.05.26"]
[Round "6"]
[White "Mann, Johannes"]
[Black "Lemke, Berfîn"]
[Result "0-1"]
[Termination "normal"]
[Board "30"]
[WhiteElo "1657"]
[BlackElo "1318"]
[PlyCount "136"]
[WhiteFideId "24691380"]
[BlackFideId "1270578"]
[EventCountry "GER"]
[EventRounds "11"]
[EventType "swiss"]
[EventDate "2010.05.22"]

1. e4 e5 2. Nc3 Nf6 3. Bc4 Nc6 4. d3 Bc5 5. Nf3 d6 6. Bg5 h6 7. Bh4 g5 8. Bg3
Bg4 9. h3 Bh5 10. h4 g4 11. Nh2 Qd7 12. Na4 Bb6 13. Nxb6 axb6 14. a3 Na5 15.
Ba2 Nc6 16. Qd2 Qe7 17. O-O-O b5 18. c3 Qd7 19. Rdf1 O-O-O 20. f4 gxf3 21. gxf3
d5 22. f4 dxe4 23. fxe5 Ng4 24. Qf4 Ngxe5 25. Qf5 Nxd3+ 26. Kb1 Qxf5 27. Rxf5
Bg6 28. Rxb5 e3 29. Ka1 Rhe8 30. Bb3 e2 31. Be1 Nc5 32. Rxc5 Rd1+ 33. Ka2 Bb1+
34. Ka1 Be4+ 35. Ka2 Bxh1 36. Bg3 e1=Q 37. Bxe1 Rexe1 38. Bxd1 Rxd1 39. Ng4 h5
40. Nh6 Rd5 41. Rxd5 Bxd5+ 42. Kb1 Kd7 43. Kc1 Ke6 44. Ng8 Ne7 45. Nxe7 Kxe7
46. Kd2 Kf6 47. Ke3 Kf5 48. Kd4 Be6 49. Kc5 Kg4 50. a4 Kxh4 51. a5 Bc8 52. b4
Kg3 53. b5 h4 54. b6 cxb6+ 55. Kxb6 h3 56. Kc7 h2 57. Kxc8 h1=Q 58. Kb8 Qc6 59.
c4 Qxc4 60. Kxb7 Qb5+ 61. Ka7 Qxa5+ 62. Kb8 Qc5 63. Kb7 Kf4 64. Ka8 Ke5 65. Kb7
Kd6 66. Ka8 Qb5 67. Ka7 Kc7 68. Ka8 Qb7# 0-1

[Event "DEM U12/U12w 2010"]
[Site "Oberhof GER"]
[Date "2010.05.26"]
[Round "6"]
[White "Borukhson, David"]
[Black "Gaßmann, Linda"]
[Result "1/2-1/2"]
[Termination "normal"]
[Board "31"]
[WhiteElo "1414"]
[BlackElo "1862"]
[PlyCount "66"]
[BlackFideId "12900451"]
[EventCountry "GER"]
[EventRounds "11"]
[EventType "swiss"]
[EventDate "2010.05.22"]

1. e4 e5 2. Nf3 Nf6 3. Nxe5 d6 4. Nf3 Nxe4 5. Qe2 Qe7 6. d3 Nf6 7. Nc3 Bg4 8.
Qxe7+ Bxe7 9. Be2 Nbd7 10. Be3 c6 11. Nd4 Bxe2 12. Ncxe2 Nd5 13. Bd2 O-O 14.
Nf5 Rfe8 15. Nxe7+ Rxe7 16. c4 N5f6 17. Bf4 Rae8 18. Be3 Ng4 19. Kd2 Nxe3 20.
fxe3 Rxe3 21. Rae1 Nc5 22. Nc1 Rxe1 23. Rxe1 Rxe1 24. Kxe1 f6 25. Ke2 Kf7 26.
d4 Nd7 27. Ke3 Ke6 28. Kf4 Nf8 29. Nb3 Ng6+ 30. Kg4 b6 31. Nc1 c5 32. Ne2 a6
33. b3 d5 1/2-1/2

[Event "DEM U12/U12w 2010"]
[Site "Oberhof GER"]
[Date "2010.05.26"]
[Round "6"]
[White "Pfreundt, Jakob"]
[Black "Wendland, Tobias"]
[Result "1-0"]
[Termination "normal"]
[Board "32"]
[WhiteElo "1297"]
[BlackElo "1630"]
[PlyCount "143"]
[WhiteFideId "12918156"]
[BlackFideId "24662267"]
[EventCountry "GER"]
[EventRounds "11"]
[EventType "swiss"]
[EventDate "2010.05.22"]

1. d4 d5 2. c4 e6 3. Nc3 Nf6 4. Bg5 c6 5. Nf3 Nbd7 6. e3 Qa5 7. Nd2 Bb4 8. Qc2
O-O 9. Be2 dxc4 10. Bxf6 Nxf6 11. Nxc4 Qg5 12. O-O b6 13. Bf3 Nd5 14. Ne4 Qg6
15. Ne5 Qh6 16. Nxc6 Ba6 17. Nxb4 Nxb4 18. Qb3 Bxf1 19. Rxf1 Na6 20. Qc4 b5 21.
Qxb5 Nc7 22. Qa5 Ne8 23. Nc5 Nf6 24. Bxa8 Rxa8 25. h3 Nd5 26. Re1 g5 27. Qb5
Kh8 28. Qf1 Rg8 29. g3 f5 30. a3 Qg6 31. Qg2 h5 32. b4 Qh6 33. Kh2 h4 34. g4
Rg6 35. gxf5 Rg8 36. fxe6 Nf6 37. f3 Nd5 38. f4 Nf6 39. fxg5 Rxg5 40. Qf2 Rg3
41. e7 Rg8 42. Rf1 Nh7 43. Qf4 Qg7 44. Qe5 Re8 45. Qxg7+ Kxg7 46. Ne6+ Kh6 47.
Rf7 Kg6 48. Rg7+ Kh6 49. Nc7 Kxg7 50. Nxe8+ Kf7 51. Nc7 Kxe7 52. Nb5 Nf6 53.
Kg2 Nd5 54. Kf3 a6 55. e4 Nb6 56. Nc7 Nc4 57. a4 a5 58. b5 Nb6 59. Nd5+ Nxd5
60. exd5 Kd6 61. b6 Kd7 62. Ke4 Kd6 63. Kf5 Kd7 64. Ke5 Kd8 65. Kd6 Kc8 66. Ke7
Kb7 67. d6 Ka6 68. d7 Kb7 69. d8=Q Ka6 70. Kd6 Kb7 71. Kc5 Ka6 72. Qa8# 1-0

[Event "DEM U12/U12w 2010"]
[Site "Oberhof GER"]
[Date "2010.05.26"]
[Round "6"]
[White "Reksten, Anne"]
[Black "Niggl, Michael"]
[Result "1-0"]
[Termination "normal"]
[Board "33"]
[WhiteElo "1383"]
[BlackElo "1275"]
[PlyCount "67"]
[WhiteFideId "24692778"]
[BlackFideId "12918164"]
[EventCountry "GER"]
[EventRounds "11"]
[EventType "swiss"]
[EventDate "2010.05.22"]

1. c4 e5 2. g3 Nf6 3. Bg2 d5 4. cxd5 Nxd5 5. Nc3 Nb6 6. b3 Nc6 7. Bb2 Be7 8.
Nf3 O-O 9. O-O Be6 10. Qc2 f5 11. d3 Qe8 12. e4 Rd8 13. Rad1 Qh5 14. Qe2 Rf6
15. Nxe5 Qxe2 16. Nxe2 Rh6 17. Nxc6 bxc6 18. Nd4 fxe4 19. Nxc6 Rd7 20. Nxe7+
Rxe7 21. dxe4 c5 22. Rd6 c4 23. Ba3 Re8 24. bxc4 Bxc4 25. Ra1 Rxd6 26. Bxd6 Bd3
27. e5 Nc4 28. Bd5+ Kh8 29. Bxc4 Bxc4 30. f4 g6 31. a3 Kg7 32. Rc1 Be6 33. Rc7+
Kg8 34. Rxa7 1-0

[Event "DEM U12/U12w 2010"]
[Site "Oberhof GER"]
[Date "2010.05.26"]
[Round "6"]
[White "Kluge, Leyla"]
[Black "Bohnert, Dominik"]
[Result "0-1"]
[Termination "normal"]
[Board "35"]
[WhiteElo "1199"]
[BlackElo "1370"]
[PlyCount "112"]
[WhiteFideId "12918172"]
[BlackFideId "12918075"]
[EventCountry "GER"]
[EventRounds "11"]
[EventType "swiss"]
[EventDate "2010.05.22"]

1. c4 c5 2. Nc3 Nf6 3. g3 d5 4. cxd5 Nxd5 5. Bg2 Nc7 6. Nf3 Nc6 7. O-O e5 8. d3
Be7 9. Bd2 f6 10. Ne1 Bd7 11. f4 O-O 12. Nf3 Rb8 13. Ne4 Nd5 14. fxe5 fxe5 15.
Qc1 b6 16. Bg5 Bxg5 17. Qxg5 Qxg5 18. Nexg5 Ne3 19. Rfc1 h6 20. Ne4 Be6 21. Nd6
Nd4 22. Nxd4 exd4 23. Nc4 Bxc4 24. dxc4 Rf7 25. Bd5 Nxd5 26. cxd5 Rd8 27. Rd1
Rxd5 28. e4 Re5 29. Re1 Rfe7 30. Kf2 Rxe4 31. Rxe4 Rxe4 32. Kf3 Re3+ 33. Kf2
Kf7 34. Rd1 Kf6 35. Rg1 Ke5 36. Rd1 Kd5 37. Rd2 b5 38. Rc2 a5 39. Rc1 c4 40.
Rc2 Ke4 41. Kg2 Kd3 42. Rc1 Re2+ 43. Kf3 Rxb2 44. Rd1+ Rd2 45. Rb1 b4 46. h4 c3
47. Rb3 Rb2 48. g4 Rxb3 49. axb3 c2 50. Kg3 c1=Q 51. Kh3 Qe3+ 52. Kg2 Qe2+ 53.
Kg3 Ke3 54. g5 Qf2+ 55. Kh3 Kf3 56. gxh6 Qg3# 0-1

[Event "DEM U12/U12w 2010"]
[Site "Oberhof GER"]
[Date "2010.05.26"]
[Round "6"]
[White "Weber, Sandra"]
[Black "Buchberger, Tamara"]
[Result "1-0"]
[Termination "normal"]
[Board "36"]
[WhiteElo "1350"]
[BlackElo "1088"]
[PlyCount "71"]
[WhiteFideId "1270049"]
[EventCountry "GER"]
[EventRounds "11"]
[EventType "swiss"]
[EventDate "2010.05.22"]

1. d4 Nf6 2. c4 g6 3. Nc3 Bg7 4. Nf3 O-O 5. e4 d6 6. Be2 Re8 7. O-O Nc6 8. h3
e5 9. d5 Ne7 10. Be3 c6 11. Qd2 cxd5 12. cxd5 Bd7 13. Bd3 a6 14. Nh2 Qc8 15.
Bb6 Kh8 16. Rac1 Neg8 17. Nb5 Bh6 18. Rxc8 Bxd2 19. Rxa8 Rxa8 20. Nxd6 Nh6 21.
Be3 Bxe3 22. fxe3 Nh5 23. Nxf7+ Nxf7 24. Rxf7 Be8 25. Rxb7 Ng3 26. Rc7 Rb8 27.
b3 a5 28. Kf2 Nh1+ 29. Kg1 Ng3 30. Nf3 Bb5 31. Bxb5 Rxb5 32. d6 Nxe4 33. d7 Rd5
34. Rc8+ Kg7 35. d8=Q Rxd8 36. Rxd8 {es folgte 36...Sc6 37.Tc8 Sb4 38.Tc5 e4
39.Sd4 Sxa2 40.Txa5 Sc3 41.b4 Sd1 42.b5 Sxe3 43.b6 Sc4 44.Ta7+ Kh6 45.b7 Se5
46.b8D} 1-0

[Event "DEM U12/U12w 2010"]
[Site "Oberhof GER"]
[Date "2010.05.26"]
[Round "6"]
[White "Schumann, Rabea"]
[Black "Röhlich, Philipp"]
[Result "1/2-1/2"]
[Termination "normal"]
[Board "37"]
[WhiteElo "1140"]
[BlackElo "1690"]
[PlyCount "77"]
[WhiteFideId "12918199"]
[BlackFideId "24692832"]
[EventCountry "GER"]
[EventRounds "11"]
[EventType "swiss"]
[EventDate "2010.05.22"]

1. e4 c5 2. Nf3 Nc6 3. Bb5 g6 4. O-O Bg7 5. c3 a6 6. Bxc6 bxc6 7. Re1 d6 8. h3
Qc7 9. d3 Rb8 10. Nbd2 e6 11. Nf1 Ne7 12. Qe2 O-O 13. Bg5 Re8 14. Rad1 Qb6 15.
Rd2 Bd7 16. N1h2 e5 17. Qe3 f5 18. Qe2 f4 19. Bxe7 Rxe7 20. Red1 Be6 21. b3 Qa5
22. Rc2 Qb6 23. Rcd2 Rd7 24. d4 cxd4 25. cxd4 Rbd8 26. dxe5 dxe5 27. Rxd7 Rxd7
28. Rxd7 Bxd7 29. Qc4+ Kh8 30. Ng5 Be8 31. Nf7+ Bxf7 32. Qxf7 Qd8 33. Nf3 Qg8
34. Qd7 c5 35. Ng5 Qb8 36. f3 Kg8 37. Qf7+ Kh8 38. Ne6 Bh6 39. Kf2 1/2-1/2

[Event "DEM U12/U12w 2010"]
[Site "Oberhof GER"]
[Date "2010.05.26"]
[Round "6"]
[White "Azizowa, Laura"]
[Black "Nobis, Anna"]
[Result "0-1"]
[Termination "normal"]
[Board "38"]
[WhiteElo "1078"]
[BlackElo "1428"]
[PlyCount "82"]
[BlackFideId "1270302"]
[EventCountry "GER"]
[EventRounds "11"]
[EventType "swiss"]
[EventDate "2010.05.22"]

1. e4 c5 2. d4 cxd4 3. Qxd4 Nc6 4. Qe3 Nf6 5. Nc3 d6 6. Bd2 e6 7. O-O-O Be7 8.
Bd3 O-O 9. f3 Bd7 10. g4 Qa5 11. h4 Nb4 12. Kb1 e5 13. Bc4 Qc7 14. Bb3 a5 15.
a4 Nc6 16. Nge2 Be6 17. Bxe6 fxe6 18. h5 d5 19. exd5 exd5 20. Nb5 Qd7 21. g5
Ne8 22. Rdg1 Nc7 23. Nxc7 Qxc7 24. Ng3 Nd4 25. Bc3 Nxf3 26. Rf1 d4 27. Qd3 dxc3
28. Rxf3 cxb2 29. Kxb2 Rxf3 30. Qxf3 Qb6+ 31. Qb3+ Qxb3+ 32. cxb3 Bxg5 33. Re1
Re8 34. Nf5 Re6 35. Kc3 g6 36. hxg6 hxg6 37. Ng3 Kf7 38. Ne4 Bf4 39. Nc5 Rc6
40. b4 b6 41. bxa5 Rxc5+ 0-1

[Event "DEM U12/U12w 2010"]
[Site "Oberhof GER"]
[Date "2010.05.26"]
[Round "6"]
[White "Müller, Max"]
[Black "Sadjjadi, Anahita"]
[Result "1-0"]
[Termination "normal"]
[Board "39"]
[WhiteElo "1365"]
[BlackElo "1016"]
[PlyCount "73"]
[WhiteFideId "12900486"]
[EventCountry "GER"]
[EventRounds "11"]
[EventType "swiss"]
[EventDate "2010.05.22"]

1. e4 e5 2. Nf3 Nc6 3. Bb5 d6 4. O-O Bd7 5. c3 Nf6 6. Re1 Be7 7. h3 a6 8. Ba4
O-O 9. d4 h6 10. Nbd2 Rb8 11. Bxc6 Bxc6 12. dxe5 dxe5 13. Qc2 Bd6 14. b3 Qe7
15. Bb2 Rbd8 16. Nc4 b6 17. a4 a5 18. Nxd6 cxd6 19. Rad1 Qe6 20. c4 Nh5 21. Bc1
Qg6 22. Qe2 Bd7 23. Nh4 Nf4 24. Bxf4 Qf6 25. Bg3 g5 26. Qf3 Qg7 27. Nf5 Bxf5
28. Qxf5 h5 29. Qf3 g4 30. hxg4 hxg4 31. Qe3 Qh7 32. Qg5+ Kh8 33. Bxe5+ dxe5
34. Rxd8 Rxd8 35. Qxd8+ Kg7 36. Qg5+ Kh8 37. Qxe5+ 1-0

[Event "DEM U12/U12w 2010"]
[Site "Oberhof GER"]
[Date "2010.05.26"]
[Round "6"]
[White "Mierzwa, Robert"]
[Black "Blösch, Christoph"]
[Result "1/2-1/2"]
[Termination "normal"]
[Board "40"]
[WhiteElo "1345"]
[BlackElo "1332"]
[PlyCount "34"]
[WhiteFideId "12918113"]
[BlackFideId "12918121"]
[EventCountry "GER"]
[EventRounds "11"]
[EventType "swiss"]
[EventDate "2010.05.22"]

1. d4 d5 2. Nf3 e6 3. g3 c6 4. Bg2 f5 5. O-O Nf6 6. c4 Bd6 7. b3 O-O 8. Bb2 Qe7
9. e3 b6 10. Nc3 Ba6 11. Nd2 Nbd7 12. Re1 Rac8 13. Rc1 Bb7 14. Qe2 Rc7 15. Bh1
Rf7 16. Bg2 Nf8 17. f3 h6 1/2-1/2

[Event "DEM U12/U12w 2010"]
[Site "Oberhof GER"]
[Date "2010.05.26"]
[Round "6"]
[White "Gheng, Christian"]
[Black "Kast, Larissa"]
[Result "1-0"]
[Termination "normal"]
[Board "41"]
[WhiteElo "1574"]
[BlackElo "1136"]
[PlyCount "81"]
[WhiteFideId "24660345"]
[BlackFideId "24699055"]
[EventCountry "GER"]
[EventRounds "11"]
[EventType "swiss"]
[EventDate "2010.05.22"]

1. e4 e5 2. Nf3 Nc6 3. Bb5 a6 4. Ba4 Bc5 5. O-O b5 6. Bb3 Nf6 7. d3 d6 8. c3
Bg4 9. h3 Bh5 10. Re1 h6 11. Nbd2 O-O 12. Nf1 b4 13. Ng3 Bxf3 14. Qxf3 Nh7 15.
Nf5 Ne7 16. Nxh6+ Kh8 17. Nxf7+ Rxf7 18. Qxf7 Qf8 19. Qxf8+ Rxf8 20. Be3 bxc3
21. bxc3 Ba3 22. Rab1 Bc5 23. d4 exd4 24. cxd4 Bb4 25. Rec1 Rc8 26. Be6 Rb8 27.
Rc4 a5 28. a3 Nf6 29. axb4 Nxe4 30. Rxc7 Ng6 31. Rc8+ Rxc8 32. Bxc8 Nf6 33.
bxa5 Nd5 34. a6 Nge7 35. a7 Nxc8 36. a8=Q Kh7 37. Qxd5 Ne7 38. Qe4+ Ng6 39. Rb8
d5 40. Qxd5 Ne7 41. Qh5# 1-0

[Event "DEM U12/U12w 2010"]
[Site "Oberhof GER"]
[Date "2010.05.26"]
[Round "6"]
[White "Gerken, Frieso"]
[Black "Schmid, Katharina"]
[Result "1-0"]
[Termination "normal"]
[Board "42"]
[WhiteElo "1434"]
[BlackElo "1056"]
[PlyCount "61"]
[WhiteFideId "1270505"]
[BlackFideId "12918210"]
[EventCountry "GER"]
[EventRounds "11"]
[EventType "swiss"]
[EventDate "2010.05.22"]

1. e4 e5 2. Nf3 Nc6 3. Bb5 Nf6 4. O-O Bc5 5. c3 Nxe4 6. d4 exd4 7. cxd4 Bb6 8.
Re1 d5 9. Ne5 Bd7 10. Nxc6 bxc6 11. Bd3 O-O 12. Bxe4 dxe4 13. Rxe4 Bf5 14. Rf4
Bg6 15. Be3 c5 16. d5 Qd6 17. Nc3 Rad8 18. Qf3 Ba5 19. Rc4 Rd7 20. Bxc5 Qe5 21.
Bxf8 Kxf8 22. b4 Re7 23. h3 Bb6 24. Qf4 Qxf4 25. Rxf4 c5 26. dxc6 Bc7 27. Rd4
Be5 28. Rd8+ Re8 29. Rxe8+ Kxe8 30. Re1 f6 31. f4 1-0

[Event "DEM U12/U12w 2010"]
[Site "Oberhof GER"]
[Date "2010.05.26"]
[Round "6"]
[White "Holle, Niklas"]
[Black "Trotzke, Johannes"]
[Result "0-1"]
[Termination "normal"]
[Board "43"]
[WhiteElo "1024"]
[BlackElo "1357"]
[PlyCount "144"]
[BlackFideId "12918105"]
[EventCountry "GER"]
[EventRounds "11"]
[EventType "swiss"]
[EventDate "2010.05.22"]

1. e4 e6 2. d4 d5 3. exd5 exd5 4. Bd3 Bd6 5. Nf3 Nf6 6. Bg5 O-O 7. O-O Bg4 8.
Nbd2 h6 9. Bh4 Nbd7 10. c3 c6 11. Qc2 Qc7 12. Rfe1 Rfe8 13. Bg3 Bxg3 14. fxg3
Re6 15. h3 Bxf3 16. Nxf3 Qxg3 17. Bf5 Rxe1+ 18. Rxe1 Nb6 19. Qe2 g6 20. Bd3 Nh5
21. Qd2 Nf4 22. Kh1 Nxd3 23. Qxd3 Nc4 24. Qb1 Kf8 25. Qc1 Kg7 26. b3 Nd6 27.
Re7 Ne4 28. Kg1 Qf2+ 29. Kh1 Qxa2 30. Ne5 Rf8 31. Qf4 Nf6 32. Qg3 Qb1+ 33. Kh2
Nh5 34. Qf2 Qf5 35. Qa2 Qf4+ 36. Kg1 Qe3+ 37. Qf2 Qxf2+ 38. Kxf2 Nf6 39. Rxb7
Ne4+ 40. Ke3 Nxc3 41. Rxa7 Nd1+ 42. Kd2 Nf2 43. Nxc6 Ne4+ 44. Ke3 Rc8 45. Ra6
Re8 46. Kd3 f5 47. b4 f4 48. b5 Rc8 49. Ra7+ Kf8 50. b6 Rxc6 51. Ra6 Rc3+ 52.
Ke2 Rb3 53. Ra8+ Kf7 54. Ra7+ Kf6 55. b7 Kg5 56. Ra5 Nf6 57. Ra7 Kh4 58. Kf2
Ne4+ 59. Ke2 Kg3 60. Ra3 f3+ 61. gxf3 Rb2+ 62. Kd1 Nf2+ 63. Ke1 Rxb7 64. f4+
Kg2 65. Ra2 Rb1+ 66. Ke2 Nxh3 67. Ke3+ Kg3 68. Ke2 Nxf4+ 69. Kd2 Rf1 70. Kc3 h5
71. Kb4 h4 72. Ra3+ Rf3 0-1

[Event "DEM U12/U12w 2010"]
[Site "Oberhof GER"]
[Date "2010.05.26"]
[Round "6"]
[White "von Reppert, Marc"]
[Black "Lamottke, Svenja"]
[Result "1-0"]
[Termination "normal"]
[Board "44"]
[WhiteElo "1321"]
[BlackElo "963"]
[PlyCount "75"]
[WhiteFideId "12918130"]
[BlackFideId "12918229"]
[EventCountry "GER"]
[EventRounds "11"]
[EventType "swiss"]
[EventDate "2010.05.22"]

1. d4 d5 2. c4 Nf6 3. Nc3 e6 4. Bg5 Be7 5. e3 O-O 6. Bd3 Nbd7 7. Nf3 c6 8. c5
b6 9. b4 a5 10. a3 Ba6 11. Bxa6 Rxa6 12. O-O Ra8 13. Qd3 bxc5 14. bxc5 Rb8 15.
Rab1 Rxb1 16. Rxb1 Ne4 17. Bxe7 Qxe7 18. Nxe4 dxe4 19. Qxe4 Rd8 20. Qxc6 e5 21.
h3 e4 22. Nd2 Nf6 23. Rb7 Rd7 24. Rxd7 Nxd7 25. Qxe4 Qd8 26. Qd5 h6 27. c6 a4
28. Qxd7 Qxd7 29. cxd7 f5 30. d8=Q+ Kh7 31. Qd7 f4 32. exf4 h5 33. f5 Kg8 34.
f6 gxf6 35. Ne4 Kf8 36. Nd6 Kg8 37. Nf5 Kh8 38. Qg7# 1-0

[Event "DEM U12/U12w 2010"]
[Site "Oberhof GER"]
[Date "2010.05.26"]
[Round "6"]
[White "Wanner, Lukas"]
[Black "Schramm, Anna-Lena"]
[Result "1-0"]
[Termination "normal"]
[Board "45"]
[WhiteElo "1309"]
[BlackElo "945"]
[PlyCount "113"]
[WhiteFideId "12918148"]
[BlackFideId "12918237"]
[EventCountry "GER"]
[EventRounds "11"]
[EventType "swiss"]
[EventDate "2010.05.22"]

1. e4 e5 2. Nf3 Nc6 3. Bb5 f6 4. d3 Bc5 5. c3 Nge7 6. Nbd2 d5 7. exd5 Nxd5 8.
Bxc6+ bxc6 9. Nb3 Bd6 10. O-O O-O 11. Re1 Re8 12. Bd2 Bg4 13. h3 Bh5 14. Rc1
Nb6 15. c4 Bg6 16. c5 Bxd3 17. cxd6 cxd6 18. Be3 Bb5 19. Nbd2 d5 20. Nb3 d4 21.
Bd2 Nc4 22. Qc2 Nd6 23. Nc5 Qb6 24. Bb4 a5 25. Ba3 Qc7 26. Qb3+ Kh8 27. Ne4
Nxe4 28. Rxe4 f5 29. Ree1 Rad8 30. Qxb5 d3 31. Qxc6 Qxc6 32. Rxc6 e4 33. Nd2
Kg8 34. Rc5 g6 35. Rxa5 Kg7 36. h4 Kh6 37. Rc5 Kh5 38. g3 h6 39. Kg2 g5 40.
Rxf5 Rc8 41. Rc5 Kg4 42. Rxe4+ Kh5 43. hxg5 hxg5 44. Rxe8 Rxe8 45. Rd5 Kg4 46.
Rxd3 Kf5 47. b4 Ke5 48. Bb2+ Ke6 49. b5 Ra8 50. a3 Ra5 51. b6 Rb5 52. Rb3 Rxb3
53. Nxb3 Kd7 54. Nc5+ Kc8 55. b7+ Kb8 56. Be5+ Ka7 57. b8=Q# 1-0